Representing interests of V4 countries in the EU in terms of their presidencies and the renewed consensus on enlargement (Western Balkans Focus) diplomová práca

Gespeichert in:
Bibliographische Detailangaben
1. Verfasser: Fejesová, Beata
Körperschaft: Ekonomická univerzita v Bratislave. Ústav medzinárodných programov
Weitere Verfasser: Čiderová, Denisa, 1977-
Format: Buch
Sprache:Englisch
Veröffentlicht: Bratislava 2013
Tags: Tag hinzufügen
Keine Tags, Fügen Sie das erste Tag hinzu!

MARC

LEADER 00000nbm a2200000 4500
001 0176051
005 20170314110653.1
041 0 |a eng 
044 |a SK 
245 1 0 |a Representing interests of V4 countries in the EU in terms of their presidencies and the renewed consensus on enlargement (Western Balkans Focus)  |b diplomová práca  |c Beata Fejesová ; školiteľ: Denisa Čiderová 
264 1 |a Bratislava  |c 2013 
300 |a 92 s. 
100 1 |a Fejesová, Beata 
700 1 |a Čiderová, Denisa, 1977- 
710 2 |a Ekonomická univerzita v Bratislave. Ústav medzinárodných programov